[Event "Portugal Open 2020"]
[Site "Lisbon"]
[Date "2020.01.26"]
[Round "2.5"]
[White "Indjic, Aleksandar"]
[Black "Jaracz, Barbara"]
[Result "1-0"]
[WhiteElo "2622"]
[BlackElo "2200"]
[Annotator "ChessBase"]
[PlyCount "101"]
[EventDate "2020.01.25"]
[EventType "swiss"]
[EventCountry "POR"]
[SourceTitle "playchess.com"]
[Source "ChessBase"]
[SourceQuality "1"]
[TimeControl "5400+30"]

1. Nf3 {[%emt 0:04:09]} d5 {[%emt 0:00:00]} 2. d4 {[%emt 0:00:55]} Nf6 {[%emt 0:00:09]} 3. c4 {[%emt 0:01:19]} c6 {[%emt 0:00:07]} 4. Qc2 {[%emt 0:00:13]} dxc4 {[%emt 0:02:14]} 5. Qxc4 {[%emt 0:00:35]} Bf5 {[%emt 0:00:08]} 6. g3 {[%emt 0:00:23]} e6 {[%emt 0:00:34]} 7. Bg2 {[%emt 0:00:11]} Be7 {[%emt 0:00:56]} 8. O-O {[%emt 0:00:56]} Nbd7 {[%emt 0:01:03]} 9. e3 {[%emt 0:01:48]} O-O {[%emt 0:02:16]} 10. Nc3 {[%emt 0:01:44]} Ne4 {[%emt 0:11:22]} 11. Rd1 {[%emt 0:03:28]} Rc8 {[%emt 0:02:39]} 12. Qe2 {[%emt 0:01:22]} Qc7 {[%emt 0:01:46]} 13. Nh4 {[%emt 0:02:58]} Nxc3 {[%emt 0:12:07]} 14. bxc3 {[%emt 0:00:13]} Bxh4 {[%emt 0:00:05]} 15. gxh4 {[%emt 0:00:15]} Nf6 16. e4 {[%emt 0:04:23]} Bg4 {[%emt 0:04:38]} 17. f3 {[%emt 0:05:09]} Bh5 {[%emt 0:00:26]} 18. c4 {[%emt 0:06:02]} Rfd8 {[%emt 0:17:21]} 19. Qe3 {[%emt 0:10:09]} e5 {[%emt 0:03:10]} 20. Bb2 {[%emt 0:01:25]} exd4 {[%emt 0:05:16]} 21. Bxd4 {[%emt 0:01:31]} Bg6 {[%emt 0:06:28]} 22. Bh3 {[%emt 0:04:47]} Ra8 {[%emt 0:00:59]} 23. Bxa7 {[%emt 0:08:13]} Rxd1+ {[%emt 0:07:04]} 24. Rxd1 {[%emt 0:00:53]} Rd8 {[%emt 0:00:03]} 25. Rxd8+ {[%emt 0:02:01]} Qxd8 {[%emt 0:00:03]} 26. Qd4 {[%emt 0:01:47]} Qa5 {[%emt 0:00:26]} 27. Bb6 {[%emt 0:01:07]} Qe1+ {[%emt 0:00:07]} 28. Bf1 {[%emt 0:00:07]} h6 {[%emt 0:00:17]} 29. Qf2 {[%emt 0:00:30]} Qb1 {[%emt 0:00:58]} 30. Bd4 {[%emt 0:00:27]} Nh5 {[%emt 0:00:39]} 31. Qd2 {[%emt 0:00:38]} f6 {[%emt 0:02:33]} 32. Kf2 {[%emt 0:01:42]} Bf7 {[%emt 0:00:14]} 33. Qb2 {[%emt 0:12:24]} Qd1 {[%emt 0:00:15]} 34. Be3 {[%emt 0:00:30]} Qd6 {[%emt 0:03:40]} 35. Kg1 {[%emt 0:00:18]} Qd1 {[%emt 0:00:15]} 36. Kg2 {[%emt 0:01:48]} Be6 {[%emt 0:01:11]} 37. Qe2 {[%emt 0:03:14]} Qb1 {[%emt 0:00:57]} 38. Kf2 {[%emt 0:00:20]} b5 {[%emt 0:03:46]} 39. cxb5 {[%emt 0:04:03]} cxb5 {[%emt 0:00:05]} 40. a3 {[%emt 0:00:45]} Bc4 {[%emt 0:00:58]} 41. Qe1 {[%emt 0:00:14]} Qb2+ {[%emt 0:02:46]} 42. Qd2 {[%emt 0:00:13]} Qxd2+ {[%emt 0:04:06]} 43. Bxd2 {[%emt 0:00:02]} Bxf1 {[%emt 0:00:05]} 44. Kxf1 {[%emt 0:00:10]} Kf7 {[%emt 0:00:03]} 45. Ke2 {[%emt 0:00:12]} Ke6 46. Kd3 {[%emt 0:00:27]} f5 {[%emt 0:05:15]} 47. exf5+ {[%emt 0:01:55]} Kxf5 {[%emt 0:01:28]} 48. Kc3 {[%emt 0:00:13]} Nf6 49. Kb4 {[%emt 0:00:08]} Nd7 {[%emt 0:01:01]} 50. Kxb5 {[%emt 0:00:07]} Ne5 {[%emt 0:00:04]} 51. a4 {[%emt 0:00:16] Ke4} 1-0

[Event "Portugal Open 2020"]
[Site "Lisbon"]
[Date "2020.01.26"]
[Round "2.6"]
[White "Palozza, Christian"]
[Black "Ghazarian, Tigran"]
[Result "1/2-1/2"]
[WhiteElo "2198"]
[BlackElo "1668"]
[Annotator "NA"]
[PlyCount "139"]
[EventDate "2020.01.25"]
[EventType "swiss"]
[EventCountry "POR"]
[SourceTitle "playchess.com"]
[Source "ChessBase"]
[SourceQuality "1"]
[TimeControl "5400+30"]

1. d4 {[%emt 0:04:55]} Nf6 {[%emt 0:00:00]} 2. c4 {[%emt 0:00:13]} e6 {[%emt 0:00:00]} 3. Nf3 {[%emt 0:00:05]} Bb4+ {[%emt 0:00:00]} 4. Bd2 {[%emt 0:00:04]} Qe7 {[%emt 0:00:04]} 5. g3 {[%emt 0:00:04]} Bxd2+ {[%emt 0:00:10]} 6. Qxd2 {[%emt 0:01:12]} Nc6 {[%emt 0:00:24]} 7. Nc3 {[%emt 0:00:52]} d5 {[%emt 0:00:06]} 8. cxd5 {[%emt 0:08:24]} exd5 {[%emt 0:00:15]} 9. Bg2 {[%emt 0:00:05]} O-O {[%emt 0:00:10]} 10. O-O {[%emt 0:00:02]} a6 {[%emt 0:00:50]} 11. Rac1 {[%emt 0:02:37]} Na7 {[%emt 0:01:54]} 12. Ne5 {[%emt 0:07:29]} c6 {[%emt 0:00:28]} 13. Rfe1 {[%emt 0:01:54]} Nb5 {[%emt 0:01:54]} 14. a3 {[%emt 0:10:10]} Be6 {[%emt 0:03:15]} 15. h3 {[%emt 0:04:45]} Rfe8 {[%emt 0:01:24]} 16. e3 {[%emt 0:08:38]} Rad8 {[%emt 0:02:13]} 17. Nxb5 {[%emt 0:03:57]} axb5 {[%emt 0:00:11]} 18. Qb4 {[%emt 0:00:11]} Ra8 {[%emt 0:12:22]} 19. Qxe7 {[%emt 0:04:46]} Rxe7 {[%emt 0:00:04]} 20. Nd3 {[%emt 0:00:14]} Nd7 {[%emt 0:03:10]} 21. Kh2 {[%emt 0:02:44]} Nb6 {[%emt 0:04:24]} 22. g4 {[%emt 0:01:30]} Kf8 {[%emt 0:00:04]} 23. Kg3 {[%emt 0:01:03]} Nc4 {[%emt 0:01:30]} 24. Re2 {[%emt 0:01:23]} Nd6 {[%emt 0:00:59]} 25. Nb4 {[%emt 0:03:08]} f6 {[%emt 0:02:08]} 26. Bh1 {[%emt 0:08:39]} Bf7 {[%emt 0:00:57]} 27. Bg2 {[%emt 0:01:40]} Bg6 {[%emt 0:01:37]} 28. Bf3 {[%emt 0:00:38]} Rae8 {[%emt 0:06:12]} 29. Rce1 {[%emt 0:00:45]} h6 {[%emt 0:01:06]} 30. Bg2 {[%emt 0:02:40]} Bh7 {[%emt 0:02:36]} 31. f4 {[%emt 0:09:37]} Be4 {[%emt 0:12:30]} 32. Bxe4 {[%emt 0:00:29]} Nxe4+ {[%emt 0:00:05]} 33. Kf3 {[%emt 0:00:11]} g5 {[%emt 0:00:05]} 34. Nd3 {[%emt 0:01:03]} Kg7 {[%emt 0:03:03]} 35. Nf2 {[%emt 0:05:47]} Nd6 {[%emt 0:08:55]} 36. e4 {[%emt 0:00:16]} dxe4+ {[%emt 0:01:02]} 37. Nxe4 {[%emt 0:00:01]} Nc4 {[%emt 0:00:08]} 38. Nc5 {[%emt 0:00:05]} Rxe2 {[%emt 0:01:37]} 39. Rxe2 {[%emt 0:00:28]} Rxe2 {[%emt 0:00:05]} 40. Kxe2 {[%emt 0:00:01]} Nxb2 {[%emt 0:00:20]} 41. fxg5 {[%emt 0:01:06]} fxg5 {[%emt 0:07:52]} 42. Nxb7 {[%emt 0:00:12]} Nc4 {[%emt 0:00:39]} 43. Kd3 {[%emt 0:00:56]} Kf6 {[%emt 0:00:49]} 44. Nd8 {[%emt 0:02:05]} Nxa3 {[%emt 0:02:37]} 45. Nxc6 {[%emt 0:00:01]} Ke6 {[%emt 0:01:12]} 46. Nb4 {[%emt 0:01:56]} Nc4 {[%emt 0:00:50]} 47. Nc6 {[%emt 0:00:56]} Nd6 {[%emt 0:02:29]} 48. Nb4 {[%emt 0:00:29]} Nc8 {[%emt 0:02:33]} 49. Ke4 {[%emt 0:01:13]} Nd6+ {[%emt 0:00:04]} 50. Kd3 {[%emt 0:00:02]} Ne8 {[%emt 0:00:19]} 51. Na6 {[%emt 0:01:09]} Kd6 {[%emt 0:01:52]} 52. Nb4 {[%emt 0:01:34]} Nf6 {[%emt 0:00:15]} 53. Nc2 {[%emt 0:00:42]} Nd5 {[%emt 0:00:15]} 54. Ke4 {[%emt 0:00:12]} Ke6 {[%emt 0:00:13]} 55. Na3 {[%emt 0:01:06]} b4 {[%emt 0:00:43]} 56. Nc4 {[%emt 0:00:35]} Nf4 {[%emt 0:05:13]} 57. h4 {[%emt 0:00:25]} b3 {[%emt 0:00:27]} 58. hxg5 {[%emt 0:00:23]} hxg5 {[%emt 0:00:03]} 59. Nb2 {[%emt 0:00:13]} Nd5 {[%emt 0:00:30]} 60. Na4 {[%emt 0:01:00]} Kd6 {[%emt 0:04:00]} 61. Nb2 {[%emt 0:00:52]} Kc6 {[%emt 0:02:13]} 62. Kf5 {[%emt 0:00:35]} Ne3+ {[%emt 0:01:30]} 63. Kxg5 {[%emt 0:00:20]} Kd5 {[%emt 0:00:04]} 64. Kf4 {[%emt 0:00:19]} Kxd4 {[%emt 0:01:59]} 65. g5 {[%emt 0:00:03]} Nd5+ {[%emt 0:00:39]} 66. Kf5 {[%emt 0:00:35]} Kc3 {[%emt 0:00:05]} 67. Na4+ {[%emt 0:00:17]} Kb4 {[%emt 0:00:04]} 68. Nb2 {[%emt 0:00:13]} Kc3 {[%emt 0:00:06]} 69. Na4+ {[%emt 0:00:03]} Kb4 70. Ke4 1/2-1/2

[Event "Portugal Open 2020"]
[Site "Lisbon"]
[Date "2020.01.26"]
[Round "2.7"]
[White "Iturrizaga Bonelli, Eduardo"]
[Black "Pourquet, Matthieu"]
[Result "1-0"]
[WhiteElo "2597"]
[BlackElo "2198"]
[Annotator "TA"]
[PlyCount "121"]
[EventDate "2020.01.25"]
[EventType "swiss"]
[EventCountry "POR"]
[SourceTitle "playchess.com"]
[Source "ChessBase"]
[SourceQuality "1"]

{[%evp 19,121,23,52,10,28,0,21,0,23,8,28,0,0,0,-7,-16,18,15,85,85,85,89,84,84,99,84,84,91,94,102,95,90,100,100,110,90,112,91,116,116,115,114,114,114,116,117,117,110,110,89,105,106,116,0,127,128,170,145,176,81,81,81,81,81,81,75,119,111,238,250,407,390,415,388,384,324,1610,1564,1515,1287,1598,1475,1627,1500,12834,12834,12833,12833,12836,12837,12838,12839,12841,12840,12841,12840,12841,12840,12845,12845,29987,29988,29991,29992]} 1. c4 c5 2. Nf3 Nf6 3. Nc3 e6 4. g3 d5 5. cxd5 exd5 6. d4 Nc6 7. Bg2 Be7 8. O-O O-O 9. dxc5 Bxc5 10. a3 a5 11. Na4 $5 {[%mdl 4] Exploring less charted territory. D34: Tarrasch Defence: 6 g3 Nf6 7 Bg2 Be7.} Ba7 $1 {[#]} 12. Bf4 $146 (12. b4 $5) ({Predecessor:} 12. Bg5 d4 13. Qc1 h6 14. Bh4 Re8 15. Re1 Qd6 16. Bxf6 Qxf6 17. Nc5 Bf5 18. Nxb7 Rab8 {½-½ (64) Lagno,K (2554)-Kovalevskaya,E (2421) Nalchik 2011}) 12... Re8 13. Rc1 {The position is equal.} Ne4 14. Nc3 Nxc3 15. Rxc3 (15. bxc3 {with more complications.} Bf5 16. Nd4 Be4 17. e3 Bc5 18. a4) 15... Bf5 16. Qb3 Qd7 17. e3 Be4 18. Rd1 $36 {[%mdl 2048] White is more active.} h6 (18... a4 $11 {keeps the balance.} 19. Qb5 Qe7) 19. Ne5 $1 $16 {[%cal Re5d7]} Rxe5 20. Bxe5 Bxg2 21. Kxg2 Nxe5 22. Qxd5 Qe7 23. Qxa5 Nc6 24. Qa4 Re8 25. Rcd3 {Hoping for Rd7.} Qf6 26. R1d2 Re7 27. Rd6 Qf5 28. Qf4 {White wants to mate with Rd8+!} (28. R2d5 {seems wilder.} Qc8 29. Qd1 Bb6 30. b4 Bc7 31. b5) 28... Qxf4 29. gxf4 Bb6 30. b4 {b5 is the strong threat.} Bc7 31. R6d5 Kf8 32. Rb5 Bd8 33. Kf3 g6 34. Rc5 Bb6 35. Rcd5 Bc7 36. Rb5 (36. h4 $16) 36... Bb8 (36... Bd8 $1 $11 {remains equal.}) 37. a4 {[%cal Ba3a4,Ba4a5][%mdl 32]} Ke8 38. a5 Ba7 39. Rbd5 (39. h4 $18 {has better winning chances.}) 39... Rc7 40. Rb2 {And now b5 would win.} Rd7 41. Rxd7 Kxd7 42. Ke4 Ke6 {[#]} 43. Kd3 $1 Kd5 {[#] A mistake that costs the game.} (43... b5 $16 {is a better defense.} 44. Kc3 Bb8) 44. b5 $1 $18 Nd8 $2 (44... Ne7 {was worth a try.} 45. Rc2 Kd6) 45. Rc2 Bc5 46. e4+ Kd6 47. Kc4 Ba3 $2 (47... Ba7 48. f5 Kd7 49. fxg6 fxg6) 48. Ra2 Bc1 49. a6 bxa6 50. bxa6 Nc6 51. e5+ Kd7 52. a7 Nxa7 53. Rxa7+ {[%mdl 4096] Endgame KR-KB} Ke6 54. Ra6+ Ke7 55. Rf6 g5 56. f5 Bf4 57. Kd5 h5 58. h3 h4 59. f3 Bg3 60. Ra6 Bf4 61. f6+ {Accuracy: White = 86%, Black = 60%.} 1-0

[Event "Portugal Open 2020"]
[Site "Lisbon"]
[Date "2020.01.26"]
[Round "2.8"]
[White "Hulshof, Peter"]
[Black "Petrov, Nikita"]
[Result "0-1"]
[WhiteElo "2192"]
[BlackElo "2592"]
[Annotator "TA"]
[PlyCount "64"]
[EventDate "2020.01.25"]
[EventType "swiss"]
[EventCountry "POR"]
[SourceTitle "playchess.com"]
[Source "ChessBase"]
[SourceQuality "1"]

{[%evp 10,86,-5,-8,-4,-10,-14,-25,-26,-27,-24,-22,-29,-47,-16,-18,-20,-47,-39,-47,-25,-21,-20,-47,-51,-50,-53,-80,-79,-72,-71,-67,-54,-51,-39,-95,-68,-98,-108,-111,-116,-125,-117,-112,-102,-156,-138,-141,-136,-205,-220,-535,-537,-484,-494,-939,-922,-878,-868,-1174,-1137,-1199,-1157,-1317,-1227,-5065,-5057,-5057,-1637,-2723,-2358,-5018,-2808,-5377,-5010,-29980,-29981,-29981,-29981]} 1. e4 e5 2. Nf3 Nc6 3. Nc3 Nf6 4. g3 Bc5 5. Bg2 d6 6. d3 a5 {C26: Vienna Game: 2...Nf6, sidelines .} 7. O-O O-O 8. Be3 Bxe3 {Black has an edge.} 9. fxe3 Ne7 10. Nh4 {[#]} c6 $146 ({Predecessor:} 10... Bg4 11. Qe1 Qd7 12. Rf2 Be6 13. d4 c6 14. Rd1 Qc7 15. Nf5 Bxf5 16. exf5 d5 {½-½ (65) Paichadze,L (2581)-Batchuluun,T (2555) Abu Dhabi 2017}) 11. Nf5 g6 12. Nxe7+ Qxe7 13. d4 b5 {[%cal Bb7b5,Bb5b4][%mdl 32]} 14. a3 Bg4 15. Qd3 b4 16. Nd1 c5 17. Nf2 Be6 18. d5 Bc8 19. axb4 cxb4 20. Rfc1 Qb7 21. c3 Bd7 22. cxb4 (22. c4 $15) 22... axb4 23. Qb3 Qb6 24. Bf3 Rxa1 25. Rxa1 Rc8 26. Be2 Qc5 27. Qd3 ({White should try} 27. g4) 27... h5 $17 28. h3 Kg7 29. Kg2 (29. Kf1 $17) 29... Qc2 $19 30. b3 $2 {[#]} (30. Qxc2 {is a better chance.} Rxc2 31. Kf1) 30... Qb2 $1 {[%cal Rb2a1]} 31. Rb1 {[#]} Qa2 $1 {Strongly threatening ...Rc3.} 32. Kf3 {[#]} (32. Re1 $142 Rc3 33. Qb1) 32... Rc3 {Played: Bd7-b5} 0-1

[Event "Portugal Open 2020"]
[Site "Lisbon"]
[Date "2020.01.26"]
[Round "2.9"]
[White "Asadli, Vugar"]
[Black "Reis, Luis Sousa"]
[Result "1-0"]
[WhiteElo "2538"]
[BlackElo "2187"]
[Annotator "ChessBase"]
[PlyCount "69"]
[EventDate "2020.01.25"]
[EventType "swiss"]
[EventCountry "POR"]
[SourceTitle "playchess.com"]
[Source "ChessBase"]
[SourceQuality "1"]
[TimeControl "5400+30"]

1. e4 {[%emt 0:00:00]} e5 {[%emt 0:07:25]} 2. Nf3 {[%emt 0:02:05]} Nc6 {[%emt 0:01:35]} 3. Bc4 {[%emt 0:00:42]} Bc5 {[%emt 0:01:40]} 4. c3 {[%emt 0:00:21]} Nf6 {[%emt 0:02:48]} 5. d3 {[%emt 0:00:36]} a6 {[%emt 0:05:13]} 6. Bb3 {[%emt 0:01:22]} d6 {[%emt 0:03:35]} 7. O-O {[%emt 0:00:20]} Ba7 {[%emt 0:01:09]} 8. Be3 {[%emt 0:02:07]} O-O {[%emt 0:06:18]} 9. Nbd2 {[%emt 0:00:14]} Kh8 {[%emt 0:09:55]} 10. h3 {[%emt 0:05:07]} Ng8 {[%emt 0:07:06]} 11. Bxa7 {[%emt 0:04:04]} Rxa7 {[%emt 0:01:22]} 12. d4 {[%emt 0:00:07]} Qe7 {[%emt 0:11:21]} 13. Re1 {[%emt 0:02:05]} Nf6 {[%emt 0:11:06]} 14. Nc4 {[%emt 0:04:49]} Ra8 {[%emt 0:07:56]} 15. Ne3 {[%emt 0:00:45]} Bd7 {[%emt 0:08:19]} 16. Nd5 {[%emt 0:01:57]} Qd8 {[%emt 0:00:15]} 17. dxe5 {[%emt 0:04:48]} dxe5 {[%emt 0:01:26]} 18. Qd2 {[%emt 0:01:28]} Be6 {[%emt 0:03:38]} 19. Rad1 {[%emt 0:00:37]} Qc8 {[%emt 0:04:24]} 20. Qg5 {[%emt 0:02:39]} Nd7 {[%emt 0:00:30]} 21. Ne7 {[%emt 0:00:58]} Qe8 {[%emt 0:02:30]} 22. Bxe6 fxe6 {[%emt 0:00:16]} 23. Nxc6 {[%emt 0:00:37]} bxc6 {[%emt 0:01:02]} 24. Nxe5 {[%emt 0:00:08]} Nxe5 25. Qxe5 {[%emt 0:00:06]} Qf7 {[%emt 0:00:43]} 26. Rd2 {[%emt 0:00:11]} Rad8 {[%emt 0:00:23]} 27. Ree2 {[%emt 0:00:38]} Kg8 {[%emt 0:00:31]} 28. Rd4 {[%emt 0:01:05]} Qf6 {[%emt 0:00:32]} 29. Qxf6 {[%emt 0:00:20]} gxf6 {[%emt 0:00:09]} 30. Red2 {[%emt 0:00:04]} Rxd4 {[%emt 0:01:00]} 31. Rxd4 {[%emt 0:00:05]} Rb8 {[%emt 0:00:43]} 32. b3 {[%emt 0:00:19]} c5 {[%emt 0:00:17]} 33. Rd7 {[%emt 0:00:33]} Rb7 {[%emt 0:00:19]} 34. c4 {[%emt 0:00:15]} a5 {[%emt 0:00:07]} 35. Rd8+ {[%emt 0:00:05]} 1-0

[Event "Portugal Open 2020"]
[Site "Lisbon"]
[Date "2020.01.26"]
[Round "2.10"]
[White "Silich, Yahor"]
[Black "Arizmendi Martinez, Julen Luis"]
[Result "1-0"]
[WhiteElo "2158"]
[BlackElo "2505"]
[Annotator "ChessBase"]
[PlyCount "81"]
[EventDate "2020.01.25"]
[EventType "swiss"]
[EventCountry "POR"]
[SourceTitle "playchess.com"]
[Source "ChessBase"]
[SourceQuality "1"]
[TimeControl "5400+30"]

1. e4 {[%emt 0:00:00]} d6 {[%emt 0:15:56]} 2. d4 {[%emt 0:00:30]} Nf6 {[%emt 0:00:34]} 3. Nc3 {[%emt 0:00:13]} c6 {[%emt 0:00:17]} 4. a4 {[%emt 0:02:57]} e5 {[%emt 0:12:53]} 5. Nf3 {[%emt 0:03:29]} Qa5 {[%emt 0:02:40]} 6. Bd2 {[%emt 0:12:14]} Bg4 {[%emt 0:06:37]} 7. Ne2 {[%emt 0:16:00]} Qc7 {[%emt 0:02:22]} 8. dxe5 {[%emt 0:01:01]} Nxe4 {[%emt 0:02:14]} 9. exd6 {[%emt 0:06:35]} Bxd6 {[%emt 0:00:41]} 10. Be3 {[%emt 0:01:55]} O-O {[%emt 0:12:13]} 11. h3 {[%emt 0:10:37]} Bxf3 {[%emt 0:02:23]} 12. gxf3 {[%emt 0:00:04]} Nf6 {[%emt 0:00:34]} 13. Qd2 {[%emt 0:07:38]} Rd8 {[%emt 0:12:19]} 14. Bd4 {[%emt 0:08:13]} Nbd7 {[%emt 0:03:24]} 15. O-O-O {[%emt 0:02:19]} Be5 {[%emt 0:03:42]} 16. Rg1 {[%emt 0:04:02]} c5 {[%emt 0:03:52]} 17. Qg5 {[%emt 0:03:08]} g6 {[%emt 0:02:04]} 18. Bxe5 {[%emt 0:02:24]} Qxe5 {[%emt 0:01:08]} 19. f4 {[%emt 0:03:37]} Qe6 {[%emt 0:04:35]} 20. Nc3 {[%emt 0:00:23]} Nb6 {[%emt 0:05:21]} 21. Bg2 {[%emt 0:00:51]} Rd4 {[%emt 0:03:03]} 22. Qxc5 {[%emt 0:02:51]} Rxf4 {[%emt 0:00:26]} 23. Bxb7 {[%emt 0:01:06]} Rf8 {[%emt 0:00:54]} 24. b3 {[%emt 0:07:03]} Qxh3 {[%emt 0:00:49]} 25. a5 Nbd7 {[%emt 0:00:30]} 26. Qe3 {[%emt 0:01:12]} Qf5 {[%emt 0:00:36]} 27. Nd5 {[%emt 0:00:23]} Re4 {[%emt 0:00:49]} 28. Qxe4 {[%emt 0:01:05]} Qxe4 {[%emt 0:00:21]} 29. Nxf6+ {[%emt 0:00:01]} Nxf6 {[%emt 0:00:01]} 30. Bxe4 {[%emt 0:00:01]} Nxe4 {[%emt 0:00:01]} 31. Rd7 {[%emt 0:01:03]} Ra8 {[%emt 0:00:35]} 32. Rgd1 {[%emt 0:00:40]} Kg7 {[%emt 0:00:13]} 33. f3 {[%emt 0:00:12]} Ng5 {[%emt 0:00:07]} 34. f4 {[%emt 0:00:38]} Ne6 {[%emt 0:00:09]} 35. Re7 {[%emt 0:00:30]} Nxf4 {[%emt 0:00:42]} 36. Rdd7 {[%emt 0:00:05]} Rf8 {[%emt 0:00:12]} 37. a6 {[%emt 0:00:29]} h5 {[%emt 0:00:12]} 38. Rxa7 {[%emt 0:00:03]} h4 {[%emt 0:02:15]} 39. Rxf7+ {[%emt 0:00:09]} Rxf7 {[%emt 0:00:01]} 40. Rxf7+ {[%emt 0:00:01]} Kxf7 {[%emt 0:00:08]} 41. a7 {[%emt 0:00:02]} 1-0

[Event "Portugal Open 2020"]
[Site "Lisbon"]
[Date "2020.01.26"]
[Round "2.11"]
[White "Ten Hertog, Hugo"]
[Black "Cambando, Jose"]
[Result "1-0"]
[WhiteElo "2503"]
[BlackElo "2166"]
[Annotator "ChessBase"]
[PlyCount "69"]
[EventDate "2020.01.25"]
[EventType "swiss"]
[EventCountry "POR"]
[SourceTitle "playchess.com"]
[Source "ChessBase"]
[SourceQuality "1"]
[TimeControl "5400+30"]

1. e4 {[%emt 0:00:00]} c5 {[%emt 0:00:53]} 2. Nf3 {[%emt 0:00:00]} d6 {[%emt 0:00:10]} 3. d4 {[%emt 0:00:00]} cxd4 {[%emt 0:00:08]} 4. Nxd4 {[%emt 0:00:00]} Nf6 {[%emt 0:00:06]} 5. Nc3 {[%emt 0:00:00]} a6 {[%emt 0:00:06]} 6. h3 {[%emt 0:02:35]} Nc6 {[%emt 0:02:02]} 7. g4 {[%emt 0:00:28]} Nxd4 {[%emt 0:01:02]} 8. Qxd4 {[%emt 0:00:05]} e5 {[%emt 0:00:06]} 9. Qd3 {[%emt 0:03:24]} Be6 {[%emt 0:00:16]} 10. f4 {[%emt 0:03:25]} exf4 {[%emt 0:00:52]} 11. Bxf4 {[%emt 0:00:08]} d5 {[%emt 0:01:03]} 12. O-O-O {[%emt 0:15:20]} dxe4 {[%emt 0:00:31]} 13. Nxe4 {[%emt 0:04:52]} Qxd3 {[%emt 0:00:44]} 14. Nxf6+ {[%emt 0:04:41]} gxf6 {[%emt 0:01:05]} 15. Rxd3 {[%emt 0:05:13]} Rd8 {[%emt 0:00:20]} 16. Rxd8+ {[%emt 0:00:54]} Kxd8 {[%emt 0:00:02]} 17. Bg2 {[%emt 0:00:57]} Kc8 {[%emt 0:00:09]} 18. Rd1 {[%emt 0:04:46]} h5 {[%emt 0:00:58]} 19. Rd3 {[%emt 0:06:16]} Bh6 {[%emt 0:00:30]} 20. Rc3+ {[%emt 0:01:20]} Kd8 {[%emt 0:01:11]} 21. Bxh6 {[%emt 0:00:45]} Rxh6 {[%emt 0:00:02]} 22. Bxb7 {[%emt 0:02:08]} hxg4 {[%emt 0:00:16]} 23. hxg4 {[%emt 0:00:05]} a5 {[%emt 0:00:23]} 24. Bf3 {[%emt 0:04:47]} Rh3 {[%emt 0:01:51]} 25. Kd2 {[%emt 0:12:27]} Rh2+ {[%emt 0:05:33]} 26. Ke3 {[%emt 0:02:20]} Bxa2 {[%emt 0:01:45]} 27. b3 {[%emt 0:00:31]} Bb1 {[%emt 0:02:07]} 28. Be4 {[%emt 0:01:01]} Kd7 {[%emt 0:01:22]} 29. Rc4 {[%emt 0:04:33]} Kd6 {[%emt 0:00:23]} 30. Kd4 {[%emt 0:00:32]} Rd2+ {[%emt 0:00:16]} 31. Kc3 {[%emt 0:00:30]} Rd1 {[%emt 0:00:14]} 32. Rd4+ {[%emt 0:02:02]} Rxd4 {[%emt 0:00:02]} 33. Kxd4 {[%emt 0:00:08]} a4 {[%emt 0:00:45]} 34. bxa4 {[%emt 0:00:20]} Ba2 {[%emt 0:00:33]} 35. a5 {[%emt 0:00:10] Kd5+} 1-0

[Event "Portugal Open 2020"]
[Site "Lisbon"]
[Date "2020.01.26"]
[Round "2.12"]
[White "Santos, Antonio P"]
[Black "Spraggett, Kevin"]
[Result "1/2-1/2"]
[WhiteElo "2152"]
[BlackElo "2501"]
[Annotator "ChessBase"]
[PlyCount "96"]
[EventDate "2020.01.25"]
[EventType "swiss"]
[EventCountry "POR"]
[SourceTitle "playchess.com"]
[Source "ChessBase"]
[SourceQuality "1"]
[TimeControl "5400+30"]

1. d4 {[%emt 1:15:22]} Nf6 {[%emt 1:15:21]} 2. c4 {[%emt 0:00:26]} e6 {[%emt 0:00:26]} 3. Nc3 {[%emt 0:00:24]} c5 {[%emt 0:00:00]} 4. d5 {[%emt 0:00:00]} exd5 {[%emt 0:00:00]} 5. cxd5 {[%emt 0:00:00]} d6 {[%emt 0:00:00]} 6. Nf3 {[%emt 0:00:00]} g6 {[%emt 0:00:00]} 7. e4 {[%emt 0:00:00]} a6 {[%emt 0:00:00]} 8. a4 {[%emt 0:00:00]} Bg4 {[%emt 0:00:00]} 9. Be2 {[%emt 0:00:00]} Bxf3 {[%emt 0:00:00]} 10. Bxf3 {[%emt 0:00:00]} Nbd7 {[%emt 0:00:00]} 11. O-O {[%emt 0:00:00]} Bg7 {[%emt 0:00:00]} 12. Bf4 {[%emt 0:00:00]} Qe7 {[%emt 0:00:00]} 13. a5 {[%emt 0:00:00]} O-O {[%emt 0:00:00]} 14. Qb3 {[%emt 0:00:00]} Rab8 {[%emt 0:00:00]} 15. Rfe1 {[%emt 0:00:00]} h5 {[%emt 0:00:00]} 16. Na4 {[%emt 0:00:00]} Nh7 {[%emt 0:00:00]} 17. h3 {[%emt 0:00:00]} Rfe8 {[%emt 0:00:00]} 18. Rab1 {[%emt 0:00:00]} Bd4 {[%emt 0:00:00]} 19. Nb6 Nxb6 {[%emt 0:00:00]} 20. Qxb6 {[%emt 0:00:12]} Be5 {[%emt 0:00:00]} 21. Bxe5 Qxe5 {[%emt 0:00:00]} 22. b4 {[%emt 0:17:57]} c4 {[%emt 0:00:00]} 23. b5 {[%emt 0:00:20]} Rbc8 {[%emt 0:00:00]} 24. Qxb7 {[%emt 0:01:43]} axb5 25. Qxb5 Ng5 {[%emt 0:00:00]} 26. Re3 {[%emt 0:02:50]} Rc5 {[%emt 0:00:00]} 27. Qb6 {[%emt 0:01:13]} c3 {[%emt 0:00:00]} 28. a6 {[%emt 0:00:33]} c2 {[%emt 0:00:00]} 29. Rc1 {[%emt 0:00:11]} Nxf3+ {[%emt 0:00:00]} 30. Rxf3 Qe7 {[%emt 0:00:00]} 31. a7 {[%emt 0:03:02]} Ra8 {[%emt 0:00:00]} 32. Ra3 {[%emt 0:00:54]} Qxe4 {[%emt 0:00:00]} 33. Qb8+ {[%emt 0:00:36]} Rc8 {[%emt 0:00:00]} 34. Qxc8+ {[%emt 0:00:02]} Rxc8 {[%emt 0:00:00]} 35. a8=Q Rxa8 {[%emt 0:00:00]} 36. Rxa8+ {[%emt 0:00:11]} Kg7 {[%emt 0:00:00]} 37. Rc8 {[%emt 0:00:11]} Qxd5 {[%emt 0:00:00]} 38. R8xc2 {[%emt 0:00:08]} h4 {[%emt 0:00:00]} 39. Re1 {[%emt 0:00:36]} g5 {[%emt 0:00:00]} 40. Ree2 {[%emt 0:00:34]} f6 {[%emt 0:00:00]} 41. Rcd2 {[%emt 0:02:07]} Qc5 {[%emt 0:00:00]} 42. Rc2 {[%emt 0:00:04]} Qb4 {[%emt 0:00:00]} 43. Rb2 {[%emt 0:00:22]} Qa3 {[%emt 0:00:00]} 44. Rbd2 {[%emt 0:00:47]} Kg6 {[%emt 0:00:00]} 45. Kh2 {[%emt 0:00:11]} Qb4 {[%emt 0:00:00]} 46. Rd3 {[%emt 0:00:54]} Qf4+ {[%emt 0:00:00]} 47. g3 Qf5 {[%emt 0:00:00]} 48. Red2 {[%emt 0:00:58]} Qe5 {[%emt 0:00:53]} 1/2-1/2